| 000 | 00455nam a2200181Ia 4500 | ||
|---|---|---|---|
| 008 | 131103s9999 xx 000 0 und d | ||
| 040 | _aLoreto College | ||
| 041 | _aEnglish | ||
| 082 |
_aF/KAY _bLCBED/6482 |
||
| 100 | _aKaye, M.M. | ||
| 245 |
_aShadow of the moon _cM.M.Kaye |
||
| 260 |
_aLondon _bAllen Lane _c1956 |
||
| 300 |
_a614 p. _c 20cm. |
||
| 504 | _aIncludes glossary | ||
| 650 | _aEnglish Fiction | ||
| 850 | _aLCBED/F/KAY | ||
| 942 | _cBK | ||
| 999 |
_c32741 _d83220 |
||